000 01036cam a2200289 a 4500
001 2086975
003 ARRUPE
005 20150430020007.0
008 950404s1995 nyu 001 0 eng
010 _a 95015199
020 _a0786861037
040 _aDLC
_cDLC
_dDLC
050 0 0 _aQC24.5
_b.G85 1995
082 0 0 _a530.1/5
_220
100 1 _aGuillen, Michael.
_914020
245 1 0 _aFive equations that changed the world :
_bthe power and poetry of mathematics /
_cMichael Guillen.
250 _a1st ed.
260 _aNew York :
_bHyperion,
_cc1995.
300 _aviii, 277 p. ;
_c24 cm.
500 _aIncludes index.
650 0 _aPhysics
_xPopular works.
_914021
650 0 _aEquations.
_914022
856 4 2 _3Publisher description
_uhttp://www.loc.gov/catdir/enhancements/fy1309/95015199-d.html
906 _a7
_bcbc
_corignew
_d1
_eocip
_f19
_gy-gencatlg
942 _2lcc
_cMONOGRAPH
_01
999 _c121693
_d121693